20 Questions de Culture Générale - 5 - Statistiques

Statistiques générales
  • Ce quiz a été pris 105 fois
  • Le résultat moyen est 8 sur 20
Statistiques - réponses
Description Réponse % Correct
Type de sandwich servi chaud après avoir été grillé entre les 2 plaques d’une presse à sandwich. Panini
77%
Nom donné à la larve des amphibiens. Têtard
70%
Pratique qui consiste à faire de la musique ou des rythmes en imitant des instrument avec la bouche. Le beatbox
69%
Nation vainqueur de la Coupe du Monde de rugby à XV en 2007. Afrique du Sud
59%
Acteur américain jouant le rôle d’Indiana Jones. Harrison Ford
58%
Studio de création de jeux vidéos français notamment à l’origine de la licence Assassin’s Creed. Ubisoft
53%
Joueur de basketball ayant inscrit le plus de points dans l’Histoire de la NBA. LeBron James
50%
Première ville de l’Histoire à dépasser le million d’habitants. Rome
44%
Célèbre roman policier d’Agatha Christie mettant en scène Hercule Poirot en Égypte. Mort sur le Nil
40%
Terme désignant le fait d’atterrir sur la Lune. Alunissage
36%
Chanteur originaire d’Hawaï ayant interpréter le titre « Talking to the Moon ». Bruno Mars
34%
Dans la mythologie grecque, architecte à l’origine du labyrinthe renfermant le minotaure. Dédale
34%
Mammifère ayant la durée de gestation la plus courte. La souris
28%
Grand arbuste aux fleurs généralement blanches ou jaunes et connu pour son parfum. Le jasmin
26%
Protéine alimentaire que ne peut pas manger une personne atteinte de maladie cœliaque. Gluten
24%
Roi du Maroc depuis de 23 juillet 1999. Mohammed VI
21%
Peuple de guerriers nomades auquel font référence les lances et le bouclier présent sur le drapeau du Kenya. Masaï
17%
Sommet le plus haut d’Amérique situé en Alaska, avec une hauteur de 6 190 mètres. Mont McKinley
17%
Que cherche à savoir un islandais qui vous dit « hvað heitir þú ? ». Votre prénom
6%
Acide aminé le plus court. Glycine
2%
Aucun quiz correspondant
Distribution des résultats
% des personnes avec chaque résultat
Percentile par nombre de réponses
Votre historique - résultats
Vous n’avez pas pris ce quiz